TOP 15 Les meilleurs films d'horreur ! - Statistiques

Statistiques générales
  • Ce quiz a été pris 121 fois
  • Le résultat moyen est 2 sur 15
Statistiques - réponses
TOP Année de sortie Réponse % Correct
4 1980 Shining
77%
2 1960 Psychose
47%
1 1991 Le Silence des Agneaux
28%
6 1982 The Thing
20%
9 1963 Les Oiseaux
18%
15 1968 Rosemary's Baby
5%
3 1979 Alien, le huitième passager
1%
8 1932 Freaks
1%
7 1961 Les Innocents
1%
14 2016 Conjuring 2, le cas Enfield
0%
12 2016 Dernier train pour Busan
0%
11 1964 Kwaidan
0%
5 1955 La Nuit du Chasseur
0%
10 1957 L'Homme qui rétrécit
0%
13 1999 Sleepy Hollow, la légende du cavalier sans tête
0%
Aucun quiz correspondant
Distribution des résultats
% des personnes avec chaque résultat
Percentile par nombre de réponses
Votre historique - résultats
Vous n’avez pas pris ce quiz